The Devil and Miss Prym : (Record no. 232529)

000 -LEADER
fixed length control field 01053cam a22002774a 4500
001 - CONTROL NUMBER
control field 14192088
003 - CONTROL NUMBER IDENTIFIER
control field Nust
005 - DATE AND TIME OF LATEST TRANSACTION
control field 20170220152951.0
008 - FIXED-LENGTH DATA ELEMENTS--GENERAL INFORMATION
fixed length control field 051207s2006 nyu 000 1 eng
010 ## - LIBRARY OF CONGRESS CONTROL NUMBER
LC control number 2005058452
020 ## - INTERNATIONAL STANDARD BOOK NUMBER
International Standard Book Number 9788172235154
040 ## - CATALOGING SOURCE
Original cataloging agency DLC
Transcribing agency DLC
Modifying agency DLC
041 1# - LANGUAGE CODE
Language code of text/sound track or separate title eng
Language code of original por
042 ## - AUTHENTICATION CODE
Authentication code pcc
050 00 - LIBRARY OF CONGRESS CALL NUMBER
Classification number PQ9698.13.O3546
Item number D4613 2006
082 00 - DEWEY DECIMAL CLASSIFICATION NUMBER
Classification number 869.342
Author Mark COE
100 1# - MAIN ENTRY--PERSONAL NAME
Personal name Coelho, Paulo.
240 10 - UNIFORM TITLE
Uniform title Demônio e a Srta. Prym.
Language of a work English
245 14 - TITLE STATEMENT
Title The Devil and Miss Prym :
Remainder of title a novel of temptation /
Statement of responsibility, etc. Paulo Coelho ; translated by Amanda Hopkinson and Nick Caistor.
250 ## - EDITION STATEMENT
Edition statement 1st U.S. ed.
260 ## - PUBLICATION, DISTRIBUTION, ETC.
Place of publication, distribution, etc. New York :
Name of publisher, distributor, etc. HarperCollins Publishers,
Date of publication, distribution, etc. 2000.
300 ## - PHYSICAL DESCRIPTION
Extent 201 p. ;
Dimensions 22 cm.
650 ## - SUBJECT ADDED ENTRY--TOPICAL TERM
Topical term or geographic name entry element Brazilian fiction
General subdivision Fiction
650 ## - SUBJECT ADDED ENTRY--TOPICAL TERM
Topical term or geographic name entry element Devil
General subdivision Fiction
700 1# - ADDED ENTRY--PERSONAL NAME
Personal name Hopkinson, Amanda,
Dates associated with a name 1948-
700 1# - ADDED ENTRY--PERSONAL NAME
Personal name Caistor, Nick.
906 ## - LOCAL DATA ELEMENT F, LDF (RLIN)
a 7
b cbc
c orignew
d 1
e ocip
f 20
g y-gencatlg
942 ## - ADDED ENTRY ELEMENTS (KOHA)
Source of classification or shelving scheme
Koha item type Book
Holdings
Withdrawn status Lost status Source of classification or shelving scheme Damaged status Not for loan Collection code Permanent Location Current Location Shelving location Date acquired Total Checkouts Full call number Barcode Date last seen Date last checked out Copy number Price effective from Koha item type
            Central Library (CL) Central Library (CL) Fiction 02/20/2017 8 869.342 COE CL544 02/06/2026 01/21/2026 1 02/20/2017 Book
© 2023 Central Library, National University of Sciences and Technology. All Rights Reserved.